000 00414nam a2200157Ia 4500
008 240126s9999 xx 000 0 und d
041 _aEnglish
082 _aLIBRARY-XIX
245 0 _aVoice and Data (1999 -
260 _bCyber House
_aNew Delhi
440 _aNULL
520 _aOn-Line: http://www.voicendata.com
650 _aComputer Science
650 _aVoice, (199, -,Computer Science
942 _cJN
999 _c270130
_d270130